Total quality management and peratonal excellence : Text with cases

সংরক্ষণ করুন:
গ্রন্থ-পঞ্জীর বিবরন
প্রধান লেখক:  Oakland, John S
বিন্যাস: Sách
ভাষা:Undetermined
প্রকাশিত:  Routledge  2014
বিষয়গুলি:
ট্যাগগুলো: ট্যাগ যুক্ত করুন
কোনো ট্যাগ নেই, প্রথমজন হিসাবে ট্যাগ করুন!
Thư viện lưu trữ: Trung tâm Thư viện - Trường Đại học Công nghiệp TP. Hồ Chí Minh
LEADER 00537nam a2200157Ia 4500
001 UIH_06340
008 231011s9999 xx 000 0 und d
082 |a  658.4013 
100 |a  Oakland, John S 
245 0 |a  Total quality management and peratonal excellence : Text with cases 
245 0 |c  Oakland, John S 
260 |b  Routledge 
260 |c  2014 
650 |a  Quản lý chất lượng toàn diện;  
927 |a Sách 
980 |a Trung tâm Thư viện - Trường Đại học Công nghiệp TP. Hồ Chí Minh